All Colin McRae/DiRT Games - Statistics

General Stats
  • This quiz has been taken 16 times
    15 since last reset
  • The average score is 11 of 13
Answer Stats
Release Year Answer % Correct
2007 Colin McRae: DiRT
100%
2009 Colin McRae: DiRT 2
100%
2011 DiRT 3
100%
2017 DiRT 4
100%
1998 Colin McRae Rally
92%
2003 Colin McRae Rally 04
92%
2000 Colin McRae Rally 2.0
92%
2002 Colin McRae Rally 3
92%
2015 DiRT Rally
92%
2019 DiRT Rally 2.0
83%
2004 Colin McRae Rally 2005
75%
2012 DiRT: Showdown
58%
2013 Colin McRae Rally (2013)
33%
No matching quizzes found
Score Distribution
Percent of People with Each Score
Percentile by Number Answered
Your Score History
You have not taken this quiz since the last reset